000 02378cab a2200277 ab4500
005 20221115063737.0
008 991125c2014 sp qr p o 000 0 spa d
035 _aUPN01000205242
040 _aMX-MxUPN
_bspa
_cMX-MxUPN
_eaacr2
049 _aART-E
100 1 _aIbarrola García, Sara
100 1 _usigarcia@unav.es
245 1 3 _aEl conocimiento práctico del profesor:
_b¿cuándo empieza todo?
_h[recurso electrónico en línea]
506 0 _aAcceso abierto
520 3 _aEl conocimiento práctico permite al docente poner en relación lo que ocurre en su aula con contenidos teóricos. Esto facilita la coherencia pedagógica e impulsa la introducción de mejoras en la práctica. El profesor construye su conocimiento práctico cuando lo acepta como una característica básica de su profesión. También si ha aprendido cómo activar los procesos de reflexión que le permiten establecer sinergias entre el saber y el hacer. Todo ello requiere de primeros pasos en las aulas universitarias. Este es el punto de partida de este artículo: ¿se puede trabajar el conocimiento práctico desde la formación inicial del docente? En primer lugar, en este trabajo se justifica y analizan estrategias metodológicas que posibilitan que el alumnado desarrolle progresivamente hábitos reflexivos estableciendo por sí mismo relaciones entre los contenidos de las asignaturas y la práctica educativa. En segundo lugar, se describe una experiencia llevada a cabo en la asignatura “Diseño, desarrollo e innovación del currículum”. Se recogen las percepciones sobre los resultados de aprendizaje alcanzados por los alumnos implicados. Estos resultados sugieren que la introducción de estrategias metodológicas para relacionar la teoría y la práctica ha favorecido la adquisición de los contenidos de la asignatura al mismo tiempo que algunas destrezas y actitudes reflexivas que se detallan.
650 2 _aMétodos de enseñanza
_95706
650 4 _9386
_aInnovaciones educativas
653 0 _aFORMACION INICIAL DOCENTE
653 0 _aPRACTICA DOCENTE
653 0 _aCOMPETENCIAS DOCENTES
773 _gVol. 12, no. 1 (2014), p. 219-238
_tREDU: revista de docencia universitaria
_x1887-4592
856 4 _uhttps://polipapers.upv.es/index.php/REDU/article/view/6412
902 _aLeonor Sotres
_bLeonor Sotres/181022/M
905 _aArticulo
942 _cART-E
999 _c177343
_d177343